Pirkanmaan kunnat - Äkkikuolema - Statistics

Yleistilastot
  • Tätä visaa on pelattu 439 kertaa
  • Keskiarvotulos 16 / 23
Answers on the Grid
Answers color-coded by a green-red scale on the quiz's grid according to % correct below.
Akaa
Forssa
Hartola
Huittinen
Humppila
Häijää
Hämeenkyrö
Hämeenlinna
Ikaalinen
Jokioinen
Juupajoki
Jämijärvi
Jämsä
Kangasala
Karvia
Kihniö
Kuhmoinen
Kurikka
Lempäälä
Loimaa
Luhanka
Mänttä-Vilppula
Nokia
Näsijärvi
Orivesi
Padasjoki
Parkano
Pirkkala
Pori
Punkalaidun
Pälkäne
Ruovesi
Sastamala
Somero
Tampere
Urjala
Valkeakoski
Vesilahti
Virrat
Ylöjärvi
 
Vastaustilastot
Vastaus % Oikein
Akaa
95%
Lempäälä
78%
Ylöjärvi
75%
Valkeakoski
74%
Nokia
73%
Pirkkala
73%
Tampere
73%
Orivesi
72%
Ikaalinen
71%
Kangasala
71%
Mänttä-Vilppula
71%
Hämeenkyrö
70%
Sastamala
67%
Pälkäne
65%
Virrat
63%
Vesilahti
61%
Parkano
60%
Ruovesi
60%
Kihniö
59%
Kuhmoinen
59%
Urjala
57%
Juupajoki
55%
Punkalaidun
53%
Ehtoja vastaavia visoja ei löytynyt
Tulosjakauma
Jokaisen tuloksen saaneiden osuus
Persentiili vastausten määrän mukaan
Tuloshistoriasi
Et ole pelannut tätä visaa